000 00466nam a2200193Ia 4500
005 20250603145508.0
008 250603s9999 xx 000 0 und d
020 _a9781605476766
050 _aRJ 48.2 .M34/
100 _aMcGahren, Eugene D.
245 0 _aPediatrics recall
250 _a4th ed.
260 _aNew York
260 _bWolters Kluwer/Lippincott Williams & Wilkins
260 _c2011
300 _a542 p
650 _aNew York
942 _cBK
999 _c42024
_d42024